Kryštalická modifikácia B kyseliny 8-kyano-1-cyklopropyl-7-(1S, 6S-2,8-diazabicyklo-[4.3.0]nonan-8-yl)-6-fluór-1,4-dihydro-4-oxo-3-chinolínkarboxylovej, spôsob prípravy a jej použitie vo farmaceutických prípravkoch

Podrobná bibliografia
Korporatívny autor: Bayer Aktiengesellschaft (Leverkusen, Nemecko) (Majiteľ patentu)
Ďalší autori: Himmler, Thomas (Pôvodca), Hallenbach, Werner (Pôvodca), Rast, Hubert (Pôvodca)
Médium: Kniha
Jazyk:slovenčina
Fyzický popis:10 s. grafy, tab. 30 cm
Vydavateľské údaje: [Banská Bystrica] Úrad priemyselného vlastníctva Slovenskej republiky [2007]
Predmet:

MARC

LEADER 00000nam a2200000 a 4500
001 vtls008957297
003 SK-MaSNL
005 20260331204941.0
008 251120s2007 xo da j f000 0 slo
013 |a 285554  |b SK  |c patent  |d 20070301  |e dátum nadobudnutia účinkov patentu (Vestník ÚPV SR č.: 3/2007)  |d 20070226  |e dátum sprístupnenia patentu verejnosti 
013 |a 683-2001  |e číslo prihlášky  |d 19991115  |e dátum podania prihlášky  |d 20011203  |e dátum zverejnenia prihlášky (Vestník ÚPV SR č.: 12/2001) 
013 |a 198 54 355.7  |e číslo prioritnej prihlášky  |d 19981125  |e dátum podania prioritnej prihlášky 
015 |a SNBN2013 
040 |a SNK  |b slo  |c SNK  |e AACR2 
041 0 |a slo 
044 |a xo  |c SK 
072 7 |a 661  |x Chemikálie  |2 konspekt 
072 7 |a 615  |x Farmácia. Farmakológia  |2 konspekt 
080 |a 661:547  |2 2001 
080 |a 615.281.9  |2 2001 
080 |a 615.012  |2 2001 
084 |a C07D 471/00  |2 IPC 
084 |a A61KI 31/472  |2 IPC 
084 |a A61P 31/00  |2 IPC 
100 1 |a Himmler, Thomas  |4 org  |9 314658 
245 1 0 |a Kryštalická modifikácia B kyseliny 8-kyano-1-cyklopropyl-7-(1S, 6S-2,8-diazabicyklo-[4.3.0]nonan-8-yl)-6-fluór-1,4-dihydro-4-oxo-3-chinolínkarboxylovej, spôsob prípravy a jej použitie vo farmaceutických prípravkoch  |c Thomas Himmler, Werner Hallenbach, Hubert Rast ; patent. zást. Zuzana Hörmannová 
260 |a [Banská Bystrica]  |b Úrad priemyselného vlastníctva Slovenskej republiky  |c [2007] 
300 |a 10 s.  |b grafy, tab.  |c 30 cm 
650 0 7 |a chemické látky  |2 SNKPH  |9 58522 
650 0 7 |a chemická technológia  |2 SNKPH  |9 65015 
650 0 7 |a technológia liekov  |2 SNKPH  |9 78332 
650 0 7 |a lieky  |2 SNKPH  |9 2515 
650 0 7 |a Chemicals  |2 SNKPHeng  |9 305072 
650 0 7 |a Chemical technology  |2 SNKPHeng  |9 265252 
650 0 7 |a Drug technology  |2 SNKPHeng  |9 303428 
650 0 7 |a Drugs  |2 SNKPHeng  |9 305137 
655 7 |a patenty  |2 SNKPH  |9 177343 
655 7 |a patent licenses  |2 SNKPHeng  |9 303430 
700 1 |a Hallenbach, Werner  |4 org  |9 314659 
700 1 |a Rast, Hubert  |4 org  |9 305095 
700 1 |a Hörmannová, Zuzana  |4 oth  |9 303433 
710 2 |a Bayer Aktiengesellschaft (Leverkusen, Nemecko)  |4 pth  |9 305652 
999 |c 998537  |d 1000467 
952 |a SNK  |b SNK  |y PREZ  |7 0  |p 17A0545058  |o snkSK 285554  |i snk2007/7918  |8 0  |0 0  |1 0  |4 0  |d 2007-03-20  |l 0  |r 2026-02-24 12:10:51  |w 2026-02-24